| 000 | 00387nam a2200121 4500 | ||
|---|---|---|---|
| 999 |
_c15136 _d15136 |
||
| 008 | 200305b ||||| |||| 00| 0 eng d | ||
| 100 |
_941881 _aOcampo, Karl R. _eAuthor. |
||
| 245 |
_aAgri crisis looms due to water lack/ _cKarl R. Ocampo. |
||
| 260 |
_aPhilippines; _bPhilippine Daily Inquirer, _c©2019. |
||
| 300 |
_apage B1; _c29.5cm. |
||
| 650 |
_aAgriculture. _941882 |
||
| 942 |
_2ddc _cPER |
||